000 00815nam a2200217 a 4500
008 101116s2007 ||||||||||||||||| || u
020 _a9780071106696
050 _aTK 454 Hay
100 _aHayt, William Hart, 1920-
245 1 0 _aEngineering circuit analysis. -- 7th ed.
_cWilliam H. Hayt, Jack E. Kemmerly, Steven M. Durbin
250 _a7th ed.
260 _aBoston
_bMcGraw-Hill
_c2007
300 _axvii, 856p.: ill.
350 _a0.00
650 _aENGINEERING
650 _aELECTRIC NETWORK ANALYSIS
650 _aELECTRIC CIRCUIT ANALYSIS
700 _aDurbin, Steven M
700 _aKemmerly, Jack E. (Jack Ellsworth), 1924-
995 _D0.00
_FCBU-MAIN LIBRARY (Kitwe)
_H1
_I0.00
_M1
_UAVAILABLE
_WDec 7, 2010
_ZMain Library Open Access Collection
999 _c41921
_d41921